Harry Potter and the Cursed Child : Parts One and Two : The Official Script of the Original West End Production : Special Rehearsal Edition /
Guardat en:
| Autor principal: | |
|---|---|
| Altres autors: | , |
| Format: | Llibre |
| Idioma: | anglès |
| Publicat: |
Nueva York, EUA :
Arthur A. Levine Books,
2016, c2016
|
| Edició: | Ed. especial |
| Matèries: | |
| Etiquetes: |
Sense etiquetes, Sigues el primer a etiquetar aquest registre!
|
MARC
| LEADER | 00000nam^a2200000^a^4500 | ||
|---|---|---|---|
| 001 | 000392561 | ||
| 005 | 20250521000000.0 | ||
| 009 | 20260310121245.312 | ||
| 020 | |a 978-1-338-09913-3 | ||
| 037 | |a Acervo ITESO - Biblioteca | ||
| 041 | |a ING | ||
| 082 | |a 808. 899282 |b ROW V. 8 | ||
| 100 | |a Rowling, J.K. |e (autor) | ||
| 240 | 1 | 1 | |a [Harry Potter] |
| 240 | 1 | 1 | |a [Harry Potter y el legado maldito] |
| 245 | 1 | 0 | |a Harry Potter and the Cursed Child : |b Parts One and Two : The Official Script of the Original West End Production : Special Rehearsal Edition / |c J.K. Rowling, J. Tiffany, J. Thorne. |
| 246 | 2 | |a Título en la cubierta: Harry Potter and the Cursed Child: Parts One and Two: Special Rehearsal Edition Script | |
| 250 | |a Ed. especial | ||
| 264 | 4 | |a Nueva York, EUA : |b Arthur A. Levine Books, |c 2016, c2016 | |
| 300 | |a 327 p. | ||
| 336 | |a texto |b txt |2 rdacontenido | ||
| 337 | |a sin mediación |b n |2 rdamedio | ||
| 338 | |a volumen |b nc |2 rdasoporte | ||
| 545 | 0 | |a J.K. Rowling (Yate, 1965), escritora inglesa famosa mundialmente por su saga de narraciones fantásticas de Harry Potter (1997-2007), que dan cuenta de las aventuras y tránsito de la infancia a la adolescencia del huérfano personaje epónimo durante su paso por la Escuela Hogwarts de Brujería y Magia. Estudió Francés y Humanidades Clásicas en la Universidad de Exeter y trabajó para Amnistía Internacional en Londres antes de iniciar, a partir de 1990, la escritura de la primera de las siete entregas de la serie. Culminó el manuscrito cinco años después y hubo de pasar por el rechazo de varias editoriales antes que Harry Potter y la piedra filosofal fuese publicada en 1997. Entre sus restantes publicaciones se cuentan El Quidditch a través de los tiempos (2001) y Animales fantásticos y donde encontrarlos (2001), folletos centrados en el universo de Hogwarts. Diferentes títulos de la saga han sido reconocidos con el Nestle Smarties Book Prize (1997-99), el British Book Award for Children’s Book of the Year (1998), el Children’s Book Award (1998), el Whitbread Children’s Book of the Year (2000) y el British Book Award al Libro del Año (2006), amén que su autora ha sido nombrada oficial de la Orden de Excelencia del Imperio Británico (2000) y recibido el Premio Príncipe de Asturias de la Concordia (2003). La serie, que en conjunto suma más de 400 millones de ejemplares vendidos alrededor del mundo, ha motivado el resurgimiento de los estudios sobre literatura infantil y juvenil y la iniciación en la lectura; correspondientes adaptaciones fílmicas e incluso análisis mercadológicos. | |
| 586 | |a Premio Príncipe de Asturias de la Concordia 2003 | ||
| 649 | |a XX | ||
| 650 | |a Adolescentes en la Literatura | ||
| 650 | |a Héroes en la Literatura | ||
| 650 | |a Brujos y Chamanes en la Literatura | ||
| 650 | |a Seres Fantásticos en la Literatura | ||
| 650 | |a Guiones | ||
| 650 | |a Teatro Infantil - |z Inglaterra | ||
| 650 | |a Teatro Inglés | ||
| 650 | |a Sagas Modernas - |z Inglaterra | ||
| 650 | |a Literatura Infantil - |z Inglaterra | ||
| 650 | |a Literatura Juvenil - |z Inglaterra | ||
| 650 | |a Literatura Fantástica - |z Inglaterra | ||
| 650 | |a Literatura de Mujeres - |z Inglaterra | ||
| 650 | |a Literatura Inglesa - |y Siglo XXI | ||
| 650 | |a Viaje en el Tiempo | ||
| 650 | |a Magia | ||
| 650 | |a Brujería | ||
| 650 | |a Lo Sobrenatural | ||
| 650 | |a Paternidad | ||
| 650 | |a Relaciones Padres-Hijos | ||
| 650 | |a Bien y Mal | ||
| 700 | |a Tiffany, John |e (autor) | ||
| 700 | |a Thorne, Jack |e (autor) | ||
| 910 | |a Fondo General | ||
| 920 | |a Impresos - Libros | ||
| 930 | |a Colección General | ||
| 940 | |a Literatura | ||
| 905 | |a 101 | ||
| 901 | |a 0500287449 |b IT1 |c LIT |i D87449 |u 20250521 | ||
| 902 | |a https://opac.biblio.iteso.mx/vufind/Record/000392561 | ||